Music Quiz

Random Music or Rock Quiz

Who's the Singer? Quiz Stats

 Plays Quiz Updated Jan 24, 2018

Challenge
Share
Tweet
Embed
Score 0/24 Timer 06:00
8 Plays Today
Question Answer Wrong Answers
Queen Freddie Mercury
95.7%
Roger Taylor
0.7%
John Deacon
0.6%
Brian May
0.8%
Nirvana Kurt Cobain
94.6%
Dave Grohl
1.4%
Krist Novoselic
0.8%
Trent Reznor
0.8%
Rolling Stones Mick Jagger
93.5%
Keith Richards
2.6%
Charlie Watts
0.7%
Bill Wyman
0.7%
The White Stripes Jack White
85.6%
Meg White
5.7%
Mog White
3.6%
Elvis Presley
1.9%
Hole Courtney Love
80.2%
Eric Erlandson
5.5%
Patty Schemel
5.1%
Kristen Pfaff
5.1%
Siouxsie and the Banshees Siouxsie Sioux
77.6%
Steven Severin
6.5%
Budgie
5.3%
Martin McCarrick
5.9%
The Smiths Morrissey
75%
Johnny Marr
7%
Andy Rourke
7.2%
Mike Joyce
6.4%
Velvet Underground Lou Reed
72.3%
John Cale
6.5%
Moe Tucker
6.5%
Sterling Morrison
10.5%
Led Zeppelin Robert Plant
72.2%
John Bonham
3.4%
John Paul Jones
3.6%
Jimmy Page
17.9%
The Cure Robert Smith
68.3%
Lol Tolhurst
4.5%
Simon Gallup
11.2%
Roger O'Donnell
11.3%
The Who Roger Daltrey
66.5%
Pete Townshend
21.1%
Keith Moon
7.1%
John Entwhistle
2.3%
Ramones Joey Ramone
60.1%
Tommy Ramone
7.7%
Johnny Ramone
23%
Dee Dee Ramone
5.8%
Rush Geddy Lee
55.4%
Neil Peart
21.1%
Alex Lifeson
11.6%
Cindy Blackman
7.8%
Muse Matt Bellamy
54.8%
Chris Wolstenholme
16.2%
Dominic Howard
11.8%
Luke Haines
12.2%
The Offspring Dexter Holland
53.6%
Noodles
11.3%
Pete Parada
17.5%
Greg K.
12.4%
Joy Division Ian Curtis
53.1%
Peter Hook
14.8%
Stephen Morris
15%
Bernard Sumner
11.6%
Roxy Music Bryan Ferry
51.2%
Brian Eno
24.6%
Paul Thompson
9.2%
Andy Mackay
9.8%
The Darkness Justin Hawkins
48.8%
Dan Hawkins
18.3%
Frankie Poullain
14.2%
Ed Graham
13.1%
Pulp Jarvis Cocker
46.1%
Mark Webber
17.6%
Candida Doyle
12%
Steve Mackey
18.5%
Slade Noddy Holder
43%
Jim Lea
13%
Don Powell
17.1%
Dave Hill
21.3%
Tool Maynard James Keenan
41.1%
Adam Jones
23.7%
Danny Carey
14.4%
Justin Chancellor
15.3%
The Strokes Julian Casablancas
40.6%
Nikolai Fraiture
11.4%
Nick Valensi
28.5%
Albert Hammond Jr.
13.9%
Cheap Trick Robin Zander
36.2%
Rick Nielsen
33.8%
Bun E. Carlos
7.2%
Tom Petersson
17.9%
New York Dolls David Johansen
35.4%
Sylvain Sylvain
22.5%
Jerry Nolan
19.3%
Killer Kane
17.1%

You're not logged in!

Compare scores with friends on all Sporcle quizzes.
Join for Free
OR
Log In

You Might Also Like...

Show Comments

Extras

Top Quizzes Today


Score Distribution

Your Account Isn't Verified!

In order to create a playlist on Sporcle, you need to verify the email address you used during registration. Go to your Sporcle Settings to finish the process.

Report this User

Report this user for behavior that violates our Community Guidelines.

Details: